| 000 | 01828cam a2200457 i 4500 | ||
|---|---|---|---|
| 001 | 17513516 | ||
| 005 | 20230324110528.0 | ||
| 006 | m |o d | | ||
| 007 | cr_||||||||||| | ||
| 008 | 121031s2013 nju o 001 0 eng | ||
| 010 | _a 2012044417 | ||
| 020 | _a9781118523537 ( ePub) | ||
| 020 | _a9781118523483 (MobiPocket) | ||
| 020 | _a9781118523506 (Adobe PDF) | ||
| 020 | _z9781118447000 (cloth) | ||
| 040 |
_aDLC _beng _cDLC _erda _dDLC |
||
| 042 | _apcc | ||
| 050 | 0 | 0 | _aG109.5 |
| 082 | 0 | 0 |
_a910.285 _223 _bGRE |
| 100 | 1 |
_aGrewal, Mohinder S. _924840 |
|
| 240 | 1 | 0 | _aGlobal positioning systems, inertial navigation, and integration |
| 245 | 1 | 0 |
_aGlobal navigation satellite systems, inertial navigation, and integration / _cMohinder S. Grewal, Angus P. Andrews, Chris G. Bartone. |
| 250 | _aThird edition. | ||
| 264 | 1 |
_aHoboken, New Jersey : _bJohn Wiley & Sons, _c2013. |
|
| 300 | _a1 online resource. | ||
| 336 |
_atext _2rdacontent |
||
| 337 |
_acomputer _2rdamedia |
||
| 338 |
_aonline resource _2rdacarrier |
||
| 500 | _aIncludes index. | ||
| 500 | _aOriginally published under title: Global positioning systems, inertial navigation, and integration. | ||
| 588 | _aDescription based on print version record and CIP data provided by publisher. | ||
| 650 | 0 |
_aGlobal Positioning System. _921037 |
|
| 650 | 0 |
_aInertial navigation. _924838 |
|
| 650 | 0 |
_aKalman filtering. _924841 |
|
| 700 | 1 |
_aAndrews, Angus P. _924842 |
|
| 700 | 1 |
_aBartone, Chris. _924843 |
|
| 776 | 0 | 8 |
_iPrint version: _aGrewal, Mohinder S. _tGlobal navigation satellite systems, inertial navigation, and integration _bThird edition. _dHoboken : John Wiley & Sons, 2013 _z9781118447000 _w(DLC) 2012032753 |
| 906 |
_a7 _bcbc _corigcop _d1 _eecip _f20 _gy-gencatlg |
||
| 942 |
_2ddc _cBK |
||
| 999 |
_c594243 _d594243 |
||